00690nam a2200193Ia 4500003000900000008004100009040001600050080002200066100003100088245011300119260003900232300002300271650004100294650001400335650002700349942000700376999001500383952009800398IN-BaIIA211028s9999 xx 000 0 eng d cIIA Library a082.2:52bIAU-C45 aBasinska-Grzesik, E910341 0aChemical and dynamical evolution of our galaxycE. Basinska-Grzesik  aSauvernybGeneva Observatoryc1977 a[various pagings.] aAstronomy and astrophysics thesaurus aCosmology aGalaxy evolution96225 cBK c6951d6951 00104070aBANbBANcGENd1981-11-23l0o082.2:52/ IAU-C45p7726r2021-11-05w1981-11-23yBK